MODERN CLINICAL PSYCHOLOGY: Principles of intervention in thie clenic and community (Record no. 8357)

MARC details
000 -LEADER
fixed length control field 00452nam a22001697a 4500
005 - DATE AND TIME OF LATEST TRANSACTION
control field 20230819151839.0
008 - FIXED-LENGTH DATA ELEMENTS--GENERAL INFORMATION
fixed length control field 230816b |||||||| |||| 00| 0 eng d
020 ## - INTERNATIONAL STANDARD BOOK NUMBER
ISBN 81-239-0947-0
041 ## - LANGUAGE CODE
Language code of text/sound track or separate title eng
082 ## - DEWEY DECIMAL CLASSIFICATION NUMBER
Classification number 616.59 KOR-M
100 ## - MAIN ENTRY--AUTHOR NAME
Personal name KORCHIN,SHELDON.J
245 ## - TITLE STATEMENT
Title MODERN CLINICAL PSYCHOLOGY: Principles of intervention in thie clenic and community
260 ## - PUBLICATION, DISTRIBUTION, ETC. (IMPRINT)
Place of publication NEW DELHI
Name of publisher CBS
300 ## - PHYSICAL DESCRIPTION
Number of Pages 672;p
650 ## - SUBJECT ADDED ENTRY--TOPICAL TERM
Topical Term BPT
942 ## - ADDED ENTRY ELEMENTS (KOHA)
Koha item type Books
Holdings
Lost status Damaged status Collection code Home library Current library Shelving location Date acquired Source of acquisition Cost, normal purchase price Full call number Accession Number Koha item type Serial Enumeration / chronology
    PHYSIOTHERAPY JRU Library JRU Library Shelf - 24- D 05/08/2023 PURCHASE 595.00 616.8 27804 Books  
    PHYSIOTHERAPY JRU Library JRU Library Shelf - 24- D 05/08/2023 PURCHASE 595.00 616.8 27805 Books  
    PHYSIOTHERAPY JRU Library JRU Library Shelf - 24- D 05/08/2023 PURCHASE 595.00 616.8 27806 Books  
    Reference JRU Library JRU Library SHELF- 8- B 05/08/2023 PURCHASE 595.00 616.8 27816 Books 672;p,
    PHYSIOTHERAPY JRU Library JRU Library Shelf - 24- D 05/08/2023 PURCHASE 595.00 616.8 27817 Books 672;p,
    PHYSIOTHERAPY JRU Library JRU Library Shelf - 24- D 05/08/2023 PURCHASE 595.00 616.8 27818 Books 672;p,